The right to life in European constitutional and international case-law

Saved in:
Bibliographic Details
Main Author: Mathieu, Bertrand
Format: Book
Language:English
French
Published: Strasbourg : Council of Europe Pub., 2006.
Series:Europeans and their rights
Subjects:
Tags: Add Tag
No Tags, Be the first to tag this record!

MARC

LEADER 00000cam a2200000 i 4500
001 1/84918
008 080514s2006 fr | ||| |||| ||eng||
020 |a 9789287158673 
020 |a 9287158673 
035 |l 10097298 
040 |a GR-MyUA  |b gre  |e AACR2 
041 1 |a eng  |h fre 
082 0 |a 323.4094  |2 (22) 
100 1 |a Mathieu, Bertrand. 
245 1 4 |a The right to life in European constitutional and international case-law /   |c Bertrand Mathieu.  
260 |a Strasbourg :   |b Council of Europe Pub.,   |c 2006.  
300 |a 124 σ. ;   |c 24 εκ.  
490 1 |a (Europeans and their rights)  
500 |a Τίτλος πρωτοτύπου: Le droit a la vie.  
504 |a Βιβλιογραφία: σ. 123-124.  
650 0 0 |a Right to life  |z Europe  |x Cases. 
650 0 0 |a Human rights  |z Europe  |x Cases. 
830 0 |a Europeans and their rights 
852 |a INST  |b LESVOS  |e 20080514  |h 323.4094 MAT  |p 005100042393  |q 005100042393  |t BK  |y 0 
901 |a BIBL1-2008-2 
909 |a Λ  |b 145686 
922 |a 1ΕΛΗ  |b 200801  |c ΕΠΕΑΕΚ2/ΤΚ  |d ΕΛΕΥΘΕΡΟΥΔΑΚΗΣ 
970 |a ΓΙΑΛΑΜΑ  |b ΜΑΡΙΑ  |z 2008/05/14